000 00494nam a2200181Ia 4500
008 100917s9999 xx 000 0 und d
082 _b31062
100 _aनाडकर्णी सुरेश
245 _aकर्करोग
260 _bप्रिया प्रकाशन
_c1977
300 _a95
365 _b5
520 _aवैद्यक
630 _aकर्करोग
650 _aवैद्यक
730 _aकर्करोग
942 _cBOOK
999 _c636456
_d636453